| 000 | 01443namaa22003131i 4500 | ||
|---|---|---|---|
| 005 | 20260224094516.0 | ||
| 008 | 260119s1995 ua a|||frm||| 000 0 eng d | ||
| 040 |
_aEG-GICUC _beng _cEG-GICUC _dEG-GICUC _erda |
||
| 041 | 0 |
_aeng _beng _bara |
|
| 049 | _aDeposit | ||
| 097 | _aM.Sc | ||
| 099 | _aCai01.07.19.M.Sc.1995.Na.S. | ||
| 100 | 0 |
_aNagwa Mahmoud Rushdy El- Abbady, _epreparation. |
|
| 245 | 1 | 0 |
_aStudies on the production and reproductive behavi- our our of guinea fowl (Numidia meleagris) At Giza zoo / _cBy Nagwa Mahmoud Rushdy El- Abbady; Supervision Prof. Dr. Abd El-Hamid Zakaria Fahmy, Prof. Dr. Nabil Fahmy Abd El-Hakeim |
| 246 | 1 | 5 | _aدراسات عن انتاجية وسلوكيات التناسل لدجاج الوادي في حديقة الحيوان بالجيرة |
| 264 | 0 | _c1995. | |
| 300 |
_a117 Leaves : _billustrations _c30 cm. + |
||
| 336 |
_2rda content _atext |
||
| 337 |
_2rdamedia _aUnmediated |
||
| 338 |
_2rdacarrier _avolume |
||
| 502 | _aThesis (M.Sc.)-Cairo University, 1995. | ||
| 504 | _aBibliography: pages 110-117 | ||
| 653 | 0 |
_areproductive _aAnimal _aPhysiology |
|
| 700 | 0 |
_aAbd El-Hamid Zakaria Fahmy _ethesis advisor. |
|
| 700 | 0 |
_aNabil Fahmy Abd El-Hakeim _ethesis advisor. |
|
| 900 |
_DDepartment of Animal & Physiology _FFaculty of Agriculture _UCairo University _b1995 _cAbd El-Hamid Zakaria Fahmy _cNabil Fahmy Abd El-Hakeim |
||
| 905 |
_aNehad _eNourhan |
||
| 942 |
_2ddc _cTH _e21 _n0 |
||
| 999 | _c177841 | ||